What the day owes the night / (Record no. 4456)

MARC details
000 -LEADER
fixed length control field 00608cam a2200193 4500
001 - CONTROL NUMBER
control field 5312
005 - DATE AND TIME OF LATEST TRANSACTION
control field 20181127175215.0
008 - FIXED-LENGTH DATA ELEMENTS--GENERAL INFORMATION
fixed length control field 100701s2010 enk 000 1 eng
010 ## - LIBRARY OF CONGRESS CONTROL NUMBER
LC control number 2010413922
020 ## - INTERNATIONAL STANDARD BOOK NUMBER
International Standard Book Number 9780099540458
041 1# - LANGUAGE CODE
Language code of text/sound track or separate title eng
Language code of original fre
100 1# - MAIN ENTRY--PERSONAL NAME
Personal name Khadra, Yasmina.
240 10 - UNIFORM TITLE
Uniform title Ce que le jour doit � la nuit.
Language of a work English
245 10 - TITLE STATEMENT
Title What the day owes the night /
Statement of responsibility, etc. Yasmina Khadra ; translated from the French by Frank Wynne.
260 ## - PUBLICATION, DISTRIBUTION, ETC.
Place of publication, distribution, etc. London :
Name of publisher, distributor, etc. Vintage Books,
Date of publication, distribution, etc. 2010.
300 ## - PHYSICAL DESCRIPTION
Extent 392 p. ;
Dimensions 23 cm.
650 #0 - SUBJECT ADDED ENTRY--TOPICAL TERM
Topical term or geographic name entry element Algerians
Geographic subdivision France
Form subdivision Fiction.
651 #0 - SUBJECT ADDED ENTRY--GEOGRAPHIC NAME
Geographic name France
General subdivision Ethnic relations
Form subdivision Fiction.
Holdings
Withdrawn status Lost status Source of classification or shelving scheme Damaged status Not for loan Collection code Home library Current library Shelving location Date acquired Serial Enumeration / chronology Inventory number Total Checkouts Total Renewals Full call number Barcode Date last seen Date last checked out Price effective from Koha item type
    Dewey Decimal Classification     Fiction RTC Library RTC Library Fiction 06/08/2021 8594 11 2 FIC 813.54 KHA 30008703 11/09/2024 27/08/2024 27/11/2018 Fiction
Royal Thimphu College || All Right Reserved